Vista normal Vista MARC

Entrada Nombre de reunión

Número de registros utilizados en: 2

001 - NÚMERO DE CONTROL

  • campo de control: 2924

003 - IDENTIFICADOR DE NÚMERO DE CONTROL

  • campo de control: OSt

005 - FECHA Y HORA DE LA ÚLTIMA TRANSACCIÓN

  • campo de control: 20221005154949.0

008 - ELEMENTOS DE DATO DE LONGITUD-FIJA

  • campo de control de longitud fija: 221005|| aca||aabn | a|a d

040 ## - FUENTE DE CATALOGACIÓN

  • Centro catalogador/agencia de origen: OSt
  • Centro/agencia transcriptor: OSt

111 ## - ENCABEZAMIENTO--NOMBRE DE CONGRESO/REUNIÓN

  • Nombre de congreso/reunión o jurisdicción como elemento de entrada: JORNADAS DE ACCION SINDICAL
  • Número del congreso/reunión o número de parte o sección:
  • Fecha del congreso o de la firma del tratado: (1993 :
  • Sede del congreso/Lugar de la reunión: Granada)

670 ## - FUENTE DE DATOS ENCONTRADOS

  • Cita de la fuente: Work cat.: (OSt)1916: CCOO. Federación de Sanidad Federación de Andalucía 2923, Propuestas sobre el proyecto del area de gestión sanitaria de Osuna :, 1993

Con tecnología Koha